[Event "Oruro Baptista Memorial"]
[Site "Oruro"]
[Date "2023.11.02"]
[Round "4"]
[White "Arce, Valeria"]
[Black "Mollo Figueroa, Nicole"]
[Result "0-1"]
[WhiteElo "1382"]
[BlackElo "1645"]
[PlyCount "82"]
[EventDate "2023.11.01"]
[EventType "swiss"]
[EventRounds "9"]
[EventCountry "BOL"]
[SourceTitle "Mega2024 Update 01"]
[Source "Chessbase"]
[SourceDate "2023.11.12"]
[SourceVersion "1"]
[SourceVersionDate "2023.11.12"]
[SourceQuality "1"]

1. d4 Nf6 2. Nf3 e6 3. c4 b6 4. Nc3 Bb4 5. Bg5 h6 6. Bh4 Be7 7. e3 Bb7 8. Bxf6 Bxf6 9. Be2 0-0 10. 0-0 c5 11. Qc2 cxd4 12. exd4 Nc6 13. Rfd1 d5 14. cxd5 Nb4 15. Qb3 Nxd5 16. Bc4 Nxc3 17. Qxc3 Rc8 18. Qd3 Bxf3 19. gxf3 Qc7 20. Bb3 Rfd8 21. Rac1 Qxc1 22. Rxc1 Rxc1+ 23. Kg2 Rxd4 24. Qb5 Rd8 25. Qa6 Rc7 26. Qe2 Rcd7 27. Qa6 Bxb2 28. Qf1 Rd2 29. Qe1 Bf6 30. Kh3 R8d4 31. Qc1 Rxf2 32. Qc8+ Kh7 33. Bc2+ g6 34. Be4 Be5 35. Bxg6+ Kxg6 36. Qg8+ Bg7 37. Qa8 Rxa2 38. Qc6 Be5 39. f4 Rd3+ 40. Kg4 h5+ 41. Kh4 Bf6# 0-1

[Event "Pan American-ch School U13 Girls 12th"]
[Site "Callao"]
[Date "2023.10.20"]
[Round "8"]
[White "Ramirez Bendezu, Maryand Luana"]
[Black "Mollo Figueroa, Nicole"]
[Result "0-1"]
[WhiteElo "1134"]
[BlackElo "1611"]
[PlyCount "86"]
[EventDate "2023.10.16"]
[EventType "swiss"]
[EventRounds "9"]
[EventCountry "PER"]
[SourceTitle "Mega2024 Update 01"]
[Source "Chessbase"]
[SourceDate "2023.11.12"]
[SourceVersion "1"]
[SourceVersionDate "2023.11.12"]
[SourceQuality "1"]

1. e4 e6 2. d4 d5 3. e5 c5 4. c3 Qb6 5. Nf3 Nc6 6. Bd3 cxd4 7. cxd4 Bd7 8. Be2 Nge7 9. b3 Nf5 10. Be3 Bb4+ 11. Kf1 Rc8 12. a3 Be7 13. b4 f6 14. Qd2 fxe5 15. dxe5 Nxe3+ 16. Qxe3 Qxe3 17. fxe3 0-0 18. Ke1 g5 19. g4 a5 20. b5 Na7 21. a4 Rc1+ 22. Bd1 Bb4+ 23. Ke2 Nxb5 24. axb5 Bxb5+ 25. Kf2 Bd3 26. Bc2 Rxc2+ 27. Kg3 Rxf3+ 28. Kxf3 Be4+ 29. Kg3 Bxh1 30. Na3 Bxa3 31. Rxh1 Bb2 32. Kf3 Bxe5 33. Rb1 Rb2 34. Rc1 Bxh2 35. Rc8+ Kg7 36. Rd8 a4 37. Rd7+ Kg6 38. Re7 e5 39. Re6+ Kf7 40. Rxe5 Bxe5 41. e4 a3 42. exd5 a2 43. Ke4 a1Q 0-1

[Event "South America-ch (Women)"]
[Site "Lima"]
[Date "2023.09.19"]
[Round "6"]
[White "Caballero Quijano, Mitzy Mishell"]
[Black "Mollo Figueroa, Nicole"]
[Result "1-0"]
[WhiteElo "1972"]
[BlackElo "1537"]
[PlyCount "137"]
[EventDate "2023.09.14"]
[EventType "swiss"]
[EventRounds "9"]
[EventCountry "PER"]
[SourceTitle "EXT 2024"]
[Source "ChessBase"]
[SourceDate "2023.10.10"]
[SourceVersion "1"]
[SourceVersionDate "2023.10.10"]
[SourceQuality "1"]

1. d4 Nf6 2. Nf3 e6 3. c4 c5 4. g3 cxd4 5. Nxd4 Nc6 6. Bg2 Qb6 7. Nb3 d6 8. 0-0 Be7 9. Bf4 e5 10. Bg5 Be6 11. Na3 a6 12. Rc1 Rd8 13. e4 Na5 14. Nxa5 Qxa5 15. Qd2 Qxd2 16. Bxd2 Nd7 17. Be3 f6 18. h3 Rb8 19. b3 0-0 20. Rfd1 Bf7 21. Nb1 b5 22. cxb5 axb5 23. Nc3 b4 24. Nd5 Bxd5 25. exd5 Ra8 26. Rc7 Rfd8 27. Rd2 Kf8 28. Bf1 Rac8 29. Rdc2 Nc5 30. Rxc8 Rxc8 31. Bb5 Rb8 32. Bc6 Kf7 33. Rc4 f5 34. f3 g5 35. Kf1 f4 36. Bd2 Na6 37. g4 Kg6 38. Bd7 Bd8 39. Bc8 Nc7 40. Bf5+ Kg7 41. Bxb4 Nxd5 42. Bxd6 Ne3+ 43. Ke2 Rb5 44. Rc5 Rxc5 45. Bxc5 Nxf5 46. gxf5 Kf6 47. Kd3 Kxf5 48. b4 h5 49. a4 g4 50. hxg4+ hxg4 51. fxg4+ Kxg4 52. Ke4 f3 53. a5 Be7 54. Bf2 Bxb4 55. a6 Bc3 56. a7 Bd4 57. Bxd4 exd4 58. a8Q f2 59. Qg8+ Kh3 60. Qh7+ Kg2 61. Qg6+ Kh1 62. Qh5+ Kg1 63. Qg5+ Kh2 64. Qh4+ Kg2 65. Qg4+ Kh2 66. Qf3 d3 67. Qxf2+ Kh1 68. Kf3 d2 69. Qg2# 1-0

[Event "South America-ch (Women)"]
[Site "Lima"]
[Date "2023.09.16"]
[Round "3"]
[White "Jimenez Salas, Fabiana"]
[Black "Mollo Figueroa, Nicole"]
[Result "0-1"]
[WhiteElo "1197"]
[BlackElo "1537"]
[PlyCount "100"]
[EventDate "2023.09.14"]
[EventType "swiss"]
[EventRounds "9"]
[EventCountry "PER"]
[SourceTitle "EXT 2024"]
[Source "ChessBase"]
[SourceDate "2023.10.10"]
[SourceVersion "1"]
[SourceVersionDate "2023.10.10"]
[SourceQuality "1"]

1. e4 c5 2. Nf3 d6 3. d4 cxd4 4. Nxd4 Nf6 5. Nc3 e6 6. f3 Be7 7. Be3 a6 8. Qd2 b5 9. 0-0-0 Bb7 10. g4 Nfd7 11. g5 Ne5 12. Qg2 Nbd7 13. h4 Nb6 14. Kb1 Nec4 15. Bxc4 Nxc4 16. Bc1 Qc7 17. h5 0-0-0 18. f4 b4 19. Nce2 d5 20. e5 Bc5 21. Rhe1 Rde8 22. Qf3 f5 23. Nb3 Bb6 24. Ned4 a5 25. Nb5 Qd7 26. N3d4 Ba6 27. a4 Bc5 28. Qb3 Bxd4 29. Nxd4 Nb6 30. Qe3 Nxa4 31. Nb3 Qc7 32. Bd2 Bc4 33. Nd4 Nc5 34. Rg1 Ne4 35. Be1 Qb7 36. Bd2 Kc7 37. Rg2 Re7 38. Nb3 Bxb3 39. Qxb3 Nc5 40. Qe3 Qb5 41. Be1 Ra8 42. Bf2 Ne4 43. Re1 a4 44. g6 h6 45. Bh4 Ree8 46. Qd4 a3 47. Rc1 Nc3+ 48. Ka1 axb2+ 49. Kxb2 Ra2+ 50. Kb3 Qa4# 0-1

[Event "South America-ch (Women)"]
[Site "Lima"]
[Date "2023.09.14"]
[Round "1"]
[White "Valenzuela Reinoso, Safrys"]
[Black "Mollo Figueroa, Nicole"]
[Result "0-1"]
[WhiteElo "1243"]
[BlackElo "1537"]
[PlyCount "42"]
[EventDate "2023.09.14"]
[EventType "swiss"]
[EventRounds "9"]
[EventCountry "PER"]
[SourceTitle "EXT 2024"]
[Source "ChessBase"]
[SourceDate "2023.10.10"]
[SourceVersion "1"]
[SourceVersionDate "2023.10.10"]
[SourceQuality "1"]

1. d4 Nf6 2. Nf3 e6 3. e3 b6 4. g3 Bb7 5. Bg2 d5 6. 0-0 Be7 7. Nbd2 0-0 8. c4 Nbd7 9. Qc2 Rc8 10. b3 c5 11. Qb2 dxc4 12. Nxc4 cxd4 13. Qxd4 Nd5 14. Bb2 Bf6 15. Qd2 Bxb2 16. Qxb2 Nc5 17. Rfd1 b5 18. Na3 Qb6 19. Rac1 Rfd8 20. Ne5 a6 21. Nc2 b4 0-1

[Event "South America-ch U10 Girls 17th"]
[Site "Guayaquil"]
[Date "2022.01.28"]
[Round "5"]
[White "Mollo Figueroa, Nicole"]
[Black "Ameller Flores, Catalina"]
[Result "1-0"]
[WhiteElo "1223"]
[BlackElo "1011"]
[PlyCount "59"]
[EventDate "2022.01.25"]
[EventType "swiss"]
[EventRounds "9"]
[EventCountry "ECU"]
[SourceTitle "CBM 206 Extra"]
[Source "ChessBase"]
[SourceDate "2022.03.31"]
[SourceVersion "1"]
[SourceVersionDate "2022.03.31"]
[SourceQuality "1"]

1. d4 Nf6 2. Bf4 e6 3. e3 d5 4. Nd2 Be7 5. Ngf3 Nbd7 6. Bd3 c5 7. c3 Nh5 8. Bg3 Nxg3 9. hxg3 Nf6 10. Ne5 Bd6 11. f4 Bd7 12. Qf3 Qb6 13. Rb1 cxd4 14. exd4 Bb5 15. Qe2 Bxd3 16. Qxd3 g6 17. g4 Bxe5 18. fxe5 Nxg4 19. Qf3 h5 20. Qxg4 hxg4 21. Rxh8+ Ke7 22. Rxa8 a6 23. a4 Qc6 24. a5 Qb5 25. Rb8 Qxa5 26. Rxb7+ Kf8 27. Ke2 f5 28. exf6 Qd8 29. Rh1 Qxf6 30. Rf1 1-0

[Event "ECU Clasif2 U13"]
[Site "Chess.com INT"]
[Date "2020.12.18"]
[Round "1"]
[White "Mollo Figueroa, Nicole"]
[Black "Garzon Zapatanga, Christopher Leonel"]
[Result "1-0"]
[WhiteElo "1141"]
[BlackElo "1697"]
[PlyCount "87"]
[EventDate "2020.12.18"]
[EventType "swiss"]
[EventRounds "9"]
[EventCountry "ECU"]
[SourceTitle "EXT 2022"]
[Source "ChessBase"]
[SourceDate "2021.10.06"]
[SourceVersion "1"]
[SourceVersionDate "2021.10.06"]
[SourceQuality "1"]

1. e4 c5 2. Nf3 d6 3. c3 Nf6 4. h3 Nc6 5. Bd3 g6 6. Bc2 Bg7 7. 0-0 0-0 8. d4 cxd4 9. cxd4 Bd7 10. Nc3 Rc8 11. Be3 Nb4 12. Bb1 b5 13. a3 Nc6 14. Bc2 a6 15. Qe2 Qa5 16. Rac1 Rfd8 17. Rfd1 b4 18. axb4 Qxb4 19. Bd3 a5 20. Nb5 Nb8 21. Rxc8 Rxc8 22. Rc1 Rxc1+ 23. Bxc1 Bxb5 24. Bxb5 Kf8 25. Bd3 Nc6 26. Be3 Nd7 27. Bb5 Ndb8 28. d5 Ne5 29. Nd4 a4 30. Qc2 Qc5 31. Qxc5 dxc5 32. Nc6 Nexc6 33. dxc6 Be5 34. Bxa4 e6 35. Bxc5+ Kg7 36. Bb6 Na6 37. Bb5 Nc7 38. Bc4 Kf8 39. g3 Ke7 40. f4 Bxb2 41. Bxc7 f6 42. Bb6 Kd6 43. c7 Kd7 44. Bxe6+ 1-0

[Event "ECU Clasif2 U13"]
[Site "Chess.com INT"]
[Date "2020.12.18"]
[Round "2"]
[White "Vasquez Zambrano, Luis Fabricio"]
[Black "Mollo Figueroa, Nicole"]
[Result "1-0"]
[WhiteElo "1414"]
[BlackElo "1141"]
[PlyCount "29"]
[EventDate "2020.12.18"]
[EventType "swiss"]
[EventRounds "9"]
[EventCountry "ECU"]
[SourceTitle "EXT 2022"]
[Source "ChessBase"]
[SourceDate "2021.10.06"]
[SourceVersion "1"]
[SourceVersionDate "2021.10.06"]
[SourceQuality "1"]

1. e4 c5 2. Nf3 d6 3. d4 cxd4 4. Nxd4 Nf6 5. Nc3 a6 6. Bc4 e6 7. Bb3 Be7 8. Be3 0-0 9. h3 Qc7 10. 0-0 Nc6 11. Qd2 Bd7 12. f3 Rfd8 13. Rfd1 Rac8 14. a3 Ne5 15. f4 1-0

[Event "ECU Clasif2 U13"]
[Site "Chess.com INT"]
[Date "2020.12.18"]
[Round "6"]
[White "Villacreces Nicolalde, Gabriel Alberto"]
[Black "Mollo Figueroa, Nicole"]
[Result "0-1"]
[WhiteElo "1219"]
[BlackElo "1141"]
[PlyCount "66"]
[EventDate "2020.12.18"]
[EventType "swiss"]
[EventRounds "9"]
[EventCountry "ECU"]
[SourceTitle "EXT 2022"]
[Source "ChessBase"]
[SourceDate "2021.10.06"]
[SourceVersion "1"]
[SourceVersionDate "2021.10.06"]
[SourceQuality "1"]

1. e4 c5 2. Nc3 Nc6 3. d3 d6 4. g3 Nf6 5. Bg2 e5 6. f4 Bg4 7. Nf3 Be7 8. 0-0 0-0 9. Be3 Qd7 10. Qe1 Rad8 11. Kf2 Rfe8 12. f5 Nd4 13. Bxd4 cxd4 14. Ne2 Bxf3 15. Bxf3 Qb5 16. b3 Rc8 17. Rc1 Bd8 18. c4 dxc3 19. Rxc3 Bb6+ 20. Kg2 Rxc3 21. Qxc3 Qd7 22. d4 exd4 23. Nxd4 Nxe4 24. Bxe4 Rxe4 25. Rd1 Qe8 26. Nf3 Re2+ 27. Kh3 h6 28. Rxd6 Qe4 29. Rd8+ Kh7 30. g4 Re3 31. Kh4 Rxc3 32. Kh5 Rxf3 33. g5 Rh3# 0-1

[Event "ECU Clasif1 U13"]
[Site "Chess.com INT"]
[Date "2020.12.17"]
[Round "8"]
[White "Pinargote Balcazar, Erick Alejandro"]
[Black "Mollo Figueroa, Nicole"]
[Result "0-1"]
[WhiteElo "1159"]
[BlackElo "1141"]
[PlyCount "56"]
[EventDate "2020.12.17"]
[EventType "swiss"]
[EventRounds "9"]
[EventCountry "ECU"]
[SourceTitle "EXT 2022"]
[Source "ChessBase"]
[SourceDate "2021.10.06"]
[SourceVersion "1"]
[SourceVersionDate "2021.10.06"]
[SourceQuality "1"]

1. e4 c5 2. Nf3 d6 3. d4 cxd4 4. Nxd4 Nf6 5. Nc3 a6 6. Be3 e6 7. Bc4 Be7 8. 0-0 0-0 9. f4 Qc7 10. f5 e5 11. Nf3 Nc6 12. Nd5 Nxd5 13. Bxd5 b5 14. Qd2 Bb7 15. Qc3 Rac8 16. g4 Nd8 17. Bxb7 Nxb7 18. Qxc7 Rxc7 19. c3 Nc5 20. Bxc5 Rxc5 21. Rad1 Rc4 22. Rfe1 Rd8 23. Rd2 Rdc8 24. Red1 Rxe4 25. Kf2 Rxg4 26. h3 Rf4 27. Kg3 h6 28. Rd5 Rcc4 0-1

[Event "Wch FIDE Online U10 Girls America qual"]
[Site "Tornelo INT"]
[Date "2020.12.03"]
[Round "6"]
[White "Mollo Figueroa, Nicole"]
[Black "Gu, Crystal Jiuzhou"]
[Result "1-0"]
[WhiteElo "1156"]
[BlackElo "1365"]
[PlyCount "121"]
[EventDate "2020.12.01"]
[EventType "swiss (rapid)"]
[EventRounds "7"]
[EventCountry "ISS"]
[SourceTitle "EXT 2022"]
[Source "ChessBase"]
[SourceDate "2021.10.06"]
[SourceVersion "1"]
[SourceVersionDate "2021.10.06"]
[SourceQuality "1"]

1. e4 c5 2. Nf3 e6 3. b3 Nc6 4. Bb2 d6 5. g3 Nf6 6. Qe2 Be7 7. Bg2 0-0 8. 0-0 a6 9. c4 Qc7 10. Nc3 b6 11. Rad1 Bb7 12. Rfe1 Rad8 13. d4 cxd4 14. Nxd4 Rfe8 15. Qe3 Rd7 16. Kh1 Ng4 17. Qe2 Nge5 18. Nc2 Red8 19. f4 Ng6 20. f5 exf5 21. exf5 Nge5 22. Nd5 Qb8 23. Nxb6 Rc7 24. Nd5 Rcc8 25. Nd4 Re8 26. Nxc6 Bxc6 27. Qd2 Bxd5 28. Qxd5 Ng4 29. Bd4 Nf6 30. Qb7 Qxb7 31. Bxb7 Rb8 32. Bxa6 Kf8 33. Bb5 Red8 34. a4 Ra8 35. Bb6 Rdc8 36. a5 Bd8 37. Rxd6 Bxb6 38. axb6 Rab8 39. b4 Rd8 40. Rxd8+ Rxd8 41. c5 Rb8 42. Ba6 Ne8 43. c6 Rxb6 44. b5 Nc7 45. Rd1 Nxa6 46. bxa6 Rxa6 47. c7 Ra8 48. Rd8+ Ke7 49. c8Q Rxc8 50. Rxc8 Kf6 51. Rc7 Kxf5 52. Rxf7+ Kg6 53. Re7 Kf6 54. Rb7 Kg6 55. Kg2 h6 56. Kf3 Kh7 57. Kf4 Kg8 58. Kf5 Kh7 59. h4 Kh8 60. Kg6 h5 61. Rb8# 1-0

[Event "Wch FIDE Online U10 Girls America qual"]
[Site "Tornelo INT"]
[Date "2020.12.02"]
[Round "2"]
[White "Mollo Figueroa, Nicole"]
[Black "Vizcarra Quispe, Ramalia Bellaluz"]
[Result "1/2-1/2"]
[WhiteElo "1156"]
[BlackElo "1072"]
[PlyCount "130"]
[EventDate "2020.12.01"]
[EventType "swiss (rapid)"]
[EventRounds "7"]
[EventCountry "ISS"]
[SourceTitle "EXT 2022"]
[Source "ChessBase"]
[SourceDate "2021.10.06"]
[SourceVersion "1"]
[SourceVersionDate "2021.10.06"]
[SourceQuality "1"]

1. e4 e5 2. Nf3 d5 3. exd5 e4 4. Qe2 Nf6 5. Nc3 Be7 6. Nxe4 0-0 7. d3 Qxd5 8. Bf4 Bf5 9. Nfd2 Na6 10. f3 Rfe8 11. g4 Bxe4 12. fxe4 Qd7 13. h3 h6 14. 0-0-0 Nb4 15. a3 Nc6 16. Nb3 Bd6 17. Be3 Nh7 18. Bg2 a5 19. Rhf1 b5 20. Qf2 b4 21. a4 Nd8 22. e5 Rc8 23. exd6 cxd6 24. Bd5 Nf6 25. Bc4 Qxa4 26. Kd2 d5 27. Nc5 Qc6 28. Bb3 Rxe3 29. Qxe3 Qxc5 30. Qxc5 Rxc5 31. Rde1 Ne6 32. Ba4 Nd4 33. h4 Ne6 34. g5 hxg5 35. hxg5 Nxg5 36. Rf5 Ne6 37. Rg1 Kf8 38. c3 Ke7 39. d4 bxc3+ 40. bxc3 Rc8 41. Bb3 Kd6 42. Ra1 Rb8 43. Kc2 Rb5 44. Ra4 Ng4 45. Rf3 Nf6 46. Rf1 Kc6 47. Rfa1 Kb6 48. Rd1 Ng4 49. Re1 Nf6 50. Rd1 Ne4 51. c4 dxc4 52. Bxc4 Rb4 53. Rxb4+ axb4 54. Kb3 Kc7 55. Kxb4 Kd6 56. Bxe6 fxe6 57. Rg1 g5 58. Kc4 e5 59. dxe5+ Kxe5 60. Kb5 Kf4 61. Kc6 g4 62. Kd5 g3 63. Ke6 Kf3 64. Kf5 g2 65. Rxg2 Kxg2 1/2-1/2

[Event "Nonalaya Ricardo Online op"]
[Site "Chess.com INT"]
[Date "2020.07.19"]
[Round "1"]
[White "Arias Gaviria, Mario Alexis"]
[Black "Mollo Figueroa, Nicole"]
[Result "1-0"]
[WhiteElo "2181"]
[BlackElo "1141"]
[PlyCount "119"]
[EventDate "2020.07.19"]
[EventType "swiss (blitz)"]
[EventRounds "9"]
[EventCountry "PER"]
[SourceTitle "CBM 197 Extra"]
[Source "ChessBase"]
[SourceDate "2020.09.30"]
[SourceVersion "1"]
[SourceVersionDate "2020.09.30"]
[SourceQuality "1"]

1. e4 c5 2. Nf3 d6 3. d4 cxd4 4. Nxd4 Nf6 5. Nc3 a6 6. Bg5 e6 7. f4 Be7 8. Qf3 Qc7 9. 0-0-0 Bd7 10. g4 Nc6 11. Nb3 0-0-0 12. Kb1 Kb8 13. h4 h6 14. Bxf6 Bxf6 15. Bg2 Ne7 16. Nd4 Nc6 17. Nde2 Ne7 18. g5 Bxc3 19. Nxc3 Bc6 20. Qg3 h5 21. Qe3 g6 22. Rd2 Rd7 23. Rhd1 Rhd8 24. Bh3 Qa5 25. a3 Ka8 26. Rd4 Qb6 27. Qd2 Bb5 28. Nxb5 Qxb5 29. c4 Qc5 30. b4 Qc7 31. Kb2 Nc6 32. Rd3 Kb8 33. Qc3 Ne7 34. R1d2 Nc6 35. Kb3 Ne7 36. Qc1 Nc6 37. Qd1 Ne7 38. Bg2 Nc6 39. e5 d5 40. cxd5 exd5 41. Rxd5 Rxd5 42. Rxd5 Rxd5 43. Qxd5 Qc8 44. Bf3 Qf5 45. Qe4 Qe6+ 46. Kc3 Qh3 47. a4 Qxh4 48. b5 axb5 49. axb5 Na5 50. Kb4 b6 51. Qa8+ Kc7 52. Qa7+ Kc8 53. Qa8+ Kc7 54. Qe4 Kc8 55. Qc2+ Kb8 56. Qd2 Ka7 57. Qd7+ Kb8 58. Qd8+ Ka7 59. Qc7+ Nb7 60. Qxb7# 1-0

[Event "Nonalaya Ricardo Online op"]
[Site "Chess.com INT"]
[Date "2020.07.19"]
[Round "6"]
[White "Vasquez Vargas, Henry Richard"]
[Black "Mollo Figueroa, Nicole"]
[Result "1-0"]
[WhiteElo "2021"]
[BlackElo "1141"]
[PlyCount "49"]
[EventDate "2020.07.19"]
[EventType "swiss (blitz)"]
[EventRounds "9"]
[EventCountry "PER"]
[SourceTitle "CBM 197 Extra"]
[Source "ChessBase"]
[SourceDate "2020.09.30"]
[SourceVersion "1"]
[SourceVersionDate "2020.09.30"]
[SourceQuality "1"]

1. d4 d5 2. c4 c6 3. Nf3 a6 4. Qc2 Nf6 5. e3 e6 6. b3 Bd6 7. Bb2 0-0 8. Bd3 Nbd7 9. Nbd2 b6 10. 0-0 Bb7 11. Ne5 Qc7 12. f4 Rac8 13. Rf3 c5 14. Rh3 h6 15. Rf1 cxd4 16. exd4 dxc4 17. bxc4 b5 18. c5 Bxe5 19. fxe5 Nd5 20. a3 b4 21. Ne4 bxa3 22. Bxa3 Rfd8 23. Nd6 Rb8 24. Bh7+ Kf8 25. Rxf7# 1-0

[Event "Wch U08 Girls"]
[Site "Weifang"]
[Date "2019.08.31"]
[Round "10"]
[White "Azjargal, Chinzorigt"]
[Black "Mollo Figueroa, Nicole"]
[Result "0-1"]
[WhiteElo "1306"]
[BlackElo "1115"]
[PlyCount "100"]
[EventDate "2019.08.21"]
[EventType "swiss"]
[EventRounds "11"]
[EventCountry "CHN"]
[SourceTitle "EXT 2020"]
[Source "ChessBase"]
[SourceDate "2019.10.17"]
[SourceVersion "1"]
[SourceVersionDate "2019.10.17"]
[SourceQuality "1"]

1. d4 d5 2. c4 c6 3. Nf3 Nf6 4. g3 a6 5. Bg2 g6 6. 0-0 Bg7 7. Qc2 Bf5 8. Qb3 Qc8 9. Bf4 0-0 10. Nc3 dxc4 11. Qxc4 Bh3 12. Na4 Bxg2 13. Kxg2 b5 14. Qc2 bxa4 15. Qxa4 Qb7 16. Qc2 Nbd7 17. Rac1 Rac8 18. e4 Rfe8 19. b3 Nh5 20. Be3 e5 21. dxe5 Nxe5 22. Nxe5 Bxe5 23. f4 Bg7 24. Rfd1 Nf6 25. e5 Nd5 26. Bc5 Bf8 27. Bxf8 Ne3+ 28. Kg1 Nxc2 29. Rxc2 Rxf8 30. Rcd2 Qb6+ 31. Kh1 Rfd8 32. Rxd8+ Rxd8 33. Rxd8+ Qxd8 34. b4 Qd5+ 35. Kg1 Qxa2 36. h3 Qb3 37. Kh2 Qxb4 38. Kg2 Qe4+ 39. Kg1 Qe2 40. Kh1 a5 41. e6 fxe6 42. f5 Kf7 43. fxg6+ Kxg6 44. h4 a4 45. h5+ Kf7 46. g4 a3 47. g5 a2 48. g6+ Kg7 49. h6+ Kf6 50. gxh7 a1R# 0-1